Statistiken für Am wenigsten genutzte Anfangsbuchstaben nach Land

Klicken Sie hier um das Quiz zu spielen!

Allgemein

  • Dieses Quiz wurde 192 mal gespielt
  • Das Durchschnittsergebnis liegt bei 12 aus 15

Antwortstatistiken

BuchstabeLänder% Korrekt
China
95%
Frankreich
94%
ZZypern
94%
OOman
92%
Honduras
90%
Finnland
88%
Ruanda
87%
CChile
86%
RRussland
84%
HHaiti
83%
FFidschi
82%
Rumänien
76%
Zentralafrikanische Republick
73%
Costa Rica
67%
Österreich
59%

Verteilung der Resultate

Perzentil nach korrekt beantworteten Fragen

Anzahl Personen mit jedem Resultat

Ihre Resultats-Entwicklung

Sie haben dieses Quiz noch nicht gespielt